[Event "FRA-ch 91st"]
[Site "Agen"]
[Date "2016.08.21"]
[Round "9"]
[White "Cornette, Matthieu"]
[Black "Bauer, Christian"]
[Result "1-0"]
[WhiteElo "2581"]
[BlackElo "2620"]
[Annotator "Besenthal,K/Primel,D"]
[PlyCount "69"]
[EventDate "2016.08.13"]
[EventType "tourn"]
[EventRounds "9"]
[EventCountry "FRA"]
[EventCategory "14"]
[SourceTitle "CBM 174"]
[Source "ChessBase"]
[SourceDate "2016.09.13"]
[SourceVersion "1"]
[SourceVersionDate "2016.09.13"]
[SourceQuality "1"]
[TimeControl "40/5400+30:1800+30"]

1. e4 {[%emt 0:00:00]} Nf6 {[%emt 0:00:14] Cherchant des positions
déséquilibrées pour jouer pour le gain.} 2. e5 {[%emt 0:00:00]} Nd5 {
[%emt 0:00:01]} 3. d4 {[%emt 0:00:07]} d6 {[%emt 0:00:02]} 4. c4 {[%emt 0:00:
19]} Nb6 {[%emt 0:00:01]} 5. exd6 {[%emt 0:00:09]} exd6 {[%emt 0:00:14]} 6. Nc3
{[%emt 0:01:17]} Be7 {[%emt 0:00:06]} 7. Bd3 {[%emt 0:01:14]} Nc6 {[%emt 0:02:
01]} 8. Nge2 {[%emt 0:01:09]} O-O {[%emt 0:05:36]} 9. O-O {[%emt 0:03:50]} Bf6
{[%emt 0:02:48]} 10. b3 {[%emt 0:01:32]} (10. Be3 Nb4 11. Ng3 d5 12. c5 Nc4 13.
Bb1 Nc6 14. Qh5 g6 15. Qxd5 Be6 16. Qxd8 Raxd8 17. Be4 Nxd4 18. Bxb7 Nc2 19.
Rac1 N2xe3 20. fxe3 Bg7 21. Nce4 Bxb2 22. Rc2 Be5 23. Re1 h5 24. Ng5 Na3 25.
Rcc1 Bxa2 26. N5e4 Be6 27. Nc3 Rd3 28. Nge4 Rfd8 29. Ba6 R3d7 30. c6 Re7 31.
Nc5 Bf5 32. Kh1 Nc2 33. Re2 Bxc3 34. e4 Nd4 35. Rf2 Bxe4 36. Rxc3 Bxc6 37. h3
Bd5 38. Kh2 Ne6 39. Nd3 c5 {Ganguly,S (2613)-Shimanov,A (2606) St Petersburg
2014 0-1 (73)}) 10... Re8 {[%emt 0:01:49] Es ist eine für die
Aljechin-Verteidigung typische Struktur entstanden: symmetrisch, aber wegen
des Raumvorteils besser für Weiß. Aus schwarzer Sicht keine wirklich gute
Wahl, aber zumindest hat man den Überraschungseffekt auf seiner Seite, wenn
man nur gelegentlich darauf zurückgreift.} 11. Be3 {[%emt 0:03:06]} Bg4 {
[%emt 0:04:38]} 12. Qd2 {[%emt 0:01:44]} Bh5 $6 {[%emt 0:21:11] Gibt das ohne
Not das Läuferpaar preis; eine kleine Schwächung der Königsstellung gibt es
noch dazu.} ({Dann vielleicht besser gleich} 12... Bxe2) 13. Nf4 {[%emt 0:17:
49]} Bg6 {[%emt 0:00:10]} 14. Nxg6 {[%emt 0:00:39]} hxg6 {[%emt 0:00:37]} 15.
Be4 {[%emt 0:02:17] Ein starkes Feld für den Läufer, der hier nicht nur
d6-d5 verhindert, sondern auch kaum angreifbar ist.} Rb8 {[%emt 0:08:26]} 16.
Rfe1 $146 {[%emt 0:03:49]} (16. g4 Nb4 17. Bg2 Na6 18. Rad1 c6 19. g5 Be7 20.
f4 d5 21. c5 Nd7 22. f5 Nf8 23. Rf3 gxf5 24. Rxf5 g6 25. Rf3 Ne6 26. h4 Rf8 27.
Bh3 Nac7 28. Rdf1 b6 29. cxb6 axb6 30. Qf2 c5 31. Rxf7 cxd4 32. Qc2 Rxf7 33.
Qxg6+ Rg7 34. Bxe6+ Nxe6 35. Qxe6+ Kh8 36. Bxd4 Bc5 37. Qh6+ {1-0 (37) Cicak,S
(2530)-Solozhenkin,E (2523) Rethymnon 2003}) 16... Ne7 {[%emt 0:15:31]} 17. Bg5
$6 $14 {[%emt 0:15:03] Das ist wenig zwingend.} (17. g4 $1 d5 18. Bg2 $16)
17... Nd7 {[%emt 0:02:28] Schwarz möchte nicht gxf6 schlagen müssen, was
seine Königsstellung weiter schwächen würde.} (17... d5 18. Bxf6 gxf6 19.
Bxd5 Nbxd5 20. cxd5 {verliert zunächst einmal einen Bauern; zusätzlich muss
Schwarz die Gefahr für seinen König im Auge behalten.}) (17... Nf5 {kam auch
in Frage.}) 18. h4 {[%emt 0:03:30] Es ist gerade einmal vier Züge her, dass
Schwarz die Schaffung der Angriffsmarke g6 zugelassen hat - schon macht sich
Weiß dies zunutze} c6 {[%emt 0:06:56]} 19. Re2 {[%emt 0:07:02]} Nf8 $2 {
[%emt 0:03:16] Jetzt lässt Schwarz das, was er eigentlich nicht wollte, doch
zu.} (19... Nf5 {kam auch hier in Frage.}) 20. Bxf6 {[%emt 0:01:48]} gxf6 {
[%emt 0:00:01]} 21. Rae1 $32 {[%emt 0:00:20][%csl Rb8] Weiß hat bereits die
Vorstufe zur Gewinnstellung erreicht: Alle seine Figuren stehen optimal, die
schwarze Königsstellung ist geschwächt, die schwarzen Figuren stehen
schlecht und es gibt wenig Möglichkeiten, etwas daran zu ändern.} Kg7 {
[%emt 0:02:33]} 22. d5 $1 {[%emt 0:04:31]} c5 {[%emt 0:02:56]} 23. Qf4 {
[%emt 0:00:58]} Ng8 {[%emt 0:03:59]} 24. Qg3 {[%emt 0:02:26]} Re5 $6 {[%emt 0:
06:51] Les Noirs doivent prendre des risques pour jouer pour le gain} 25. f4 {
[%emt 0:02:21]} Rh5 {[%emt 0:00:14]} 26. Bf3 $40 {[%emt 0:02:46]} Rh7 {[%emt 0:
04:32]} 27. f5 {[%emt 0:03:36]} Nh6 {[%emt 0:01:51]} 28. fxg6 {[%emt 0:00:31]}
Nf5 {[%emt 0:00:20]} 29. Qf4 {[%emt 0:01:04]} fxg6 {[%emt 0:00:07]} 30. h5 $1 {
[%emt 0:00:47]} Qd7 {[%emt 0:04:54]} ({Oder} 30... Nd4 31. Re8 Qxe8 32. Rxe8
Rxe8 33. Qxd6 {drohend Se4.}) 31. g4 {[%emt 0:00:48]} Kh8 {[%emt 0:00:34] Der
Springer war wegen Te7+ nicht zu retten.} 32. gxf5 {[%emt 0:00:36]} gxf5 {
[%emt 0:00:12]} 33. Rg2 {[%emt 0:01:45]} Rd8 {[%emt 0:00:29]} 34. Qg3 {[%emt 0:
01:30]} Qf7 $2 {[%emt 0:00:03] Dieser letzte Fehler beendet die Partie
unmittelbar:} 35. Re7 {[%emt 0:00:41] Et le bordelais remporte le titre} 1-0

[Event "Kecskemet Szechenyi"]
[Site "Kecskemet"]
[Date "1991.??.??"]
[Round "8"]
[White "Mikhalchishin, Adrian"]
[Black "Krizsany, Laszlo"]
[Result "1-0"]
[WhiteElo "2520"]
[BlackElo "2445"]
[Annotator "Blatny,P"]
[PlyCount "69"]
[EventDate "1991.07.??"]
[EventType "tourn"]
[EventRounds "9"]
[EventCountry "HUN"]
[EventCategory "8"]
[SourceTitle "CBM 026"]
[Source "ChessBase"]
[SourceDate "1992.02.01"]
[SourceVersion "1"]
[SourceVersionDate "1992.02.01"]
[SourceQuality "1"]

1. e4 Nf6 2. e5 Nd5 3. d4 d6 4. c4 Nb6 5. exd6 cxd6 6. Nc3 g6 7. Bd3 (7. h4 h6
8. h5 g5 9. Bd3 Nc6 10. Nge2 Bg7 11. Be3 d5 $1 (11... e5 12. d5 Ne7 13. c5 $36)
12. c5 Nd7 (12... Nc4 13. Bxc4 dxc4 14. Qa4 Be6 15. Rd1 {/\><d5}) 13. Rc1 Nxc5
14. dxc5 d4 $13 {Meier-Bagirov, Berlin 1991}) 7... Bg7 8. Nge2 (8. Be3 Nc6 9.
Nge2 Bg4 10. f3 Bf5 11. b3 Bxd3 12. Qxd3 d5 13. c5 Nc8 14. h4 e6 15. h5 b6 $13
{Palatnik-Kamsky, Philadelphia 1991}) 8... Nc6 9. d5 $5 Ne5 10. b3 Bg4 11. Bb2
Qc8 12. h3 Nxd3+ 13. Qxd3 Bxe2 (13... Bf5 $6 14. Qd2 {/\0-0,Rfe1,Nd4; /\Nb5,
BxB ><g7,h6}) 14. Qxe2 O-O 15. O-O Re8 16. Rad1 $14 Nd7 17. Nb5 a6 18. Nd4 Nc5
19. Rfe1 Qd7 20. Bc3 {/\Qb2} e5 $6 (20... Rac8 $5) (20... Rad8 $5) 21. dxe6
Nxe6 (21... fxe6 22. Ba1 $1 {/\b4 קe6}) 22. Qd2 $16 {><d6 _|_} Nc5 $1 (22...
Nxd4 23. Bxd4 Rxe1+ 24. Rxe1 $16 {/\Rd1,BxB,Qd5,c5 +- _|_}) 23. Qc2 $1 Rxe1+
24. Bxe1 (24. Rxe1 $2 d5 $10) 24... Qe7 (24... d5 25. cxd5 Qxd5 26. Nf3 Qc6 $8
27. Bb4 $1 b6 (27... Rc8 $2 28. Bxc5 b6 (28... Qxc5 $2 29. Rd8+ $1 $18) 29. Qc4
$1 bxc5 30. Ng5 {/\Ne4,Rd5 +-_|_ ><c5,a6}) (27... Ne4 28. Qxc6 bxc6 29. Rc1 $16
{_|_ ><c6,a6}) 28. Bxc5 $16 {_|_}) 25. Bc3 Qe4 26. Qd2 (26. Qxe4 $2 Nxe4 27.
Ba1 Rd8 {/\d5=}) 26... Re8 $6 (26... d5 27. f3 $18) (26... Rd8 $142) 27. Nf3 $1
Bxc3 $8 28. Qxc3 Ne6 (28... Qe2 $4 29. Re1 $18) (28... Rd8 29. Qf6 Ne6 30. Ng5
$18) 29. Rxd6 Qb1+ 30. Kh2 Qxa2 31. Rd2 $1 Qb1 (31... Qa3 $142 32. Ne5 Qf8 $5
33. Nd7 (33. Rd7 Re7 (33... Nc5 $2 34. Rxf7 Qd6 35. f4 $1 $8 Ne4 36. Qb2 {
/\Rxb7+-}) 34. Ng4 $1 Rxd7 $8 35. Nf6+ Kh8 36. Nxd7+ Qg7 37. Qf3 {+/=/+/- קb7,
Kh8}) 33... Qg7 $8 34. Qf3 $1 $16 {קb7,Kg8} (34. Nf6+ Kh8 {/\Rd8+/=})) 32. Ne5
$1 Nc5 $2 (32... Qf5 $2 33. Ng4 Kf8 34. Rd7 $1 Ng7 35. Qb4+ $18) (32... Rd8 33.
Rxd8+ Nxd8 34. Ng4 $40 {><g7,h6,f6,Nd8}) (32... h5 $142 $5 {><g4} 33. Nd7 (33.
Rd7 Nd8 $16) 33... Rd8 (33... Re7 $2 34. Nf6+ Kf8 35. Nd5 $18) 34. Nf6+ Kf8 35.
Nd5 $1 Kg8 $8 36. Qf6 $40 {/\f4-f5,Ne7xf5 +-; /\Re2,(Ne7+),Rxe6 +-}) 33. Ng4
$18 Ne4 (33... Qxb3 34. Nh6+ Kf8 35. Rd7 $1 $18) 34. Nh6+ Kf8 35. Rd7 $1 (35.
Rd7 Nxc3 (35... Re7 36. Qh8#) 36. Rxf7#) 1-0

[Event "FRA-ch"]
[Site "Montpellier"]
[Date "1991.??.??"]
[Round "?"]
[White "Koch, Jean Rene"]
[Black "Hauchard, Arnaud"]
[Result "1-0"]
[WhiteElo "2455"]
[BlackElo "2435"]
[Annotator "Blatny,P"]
[PlyCount "69"]
[EventDate "1991.08.??"]
[EventType "tourn"]
[EventRounds "15"]
[EventCountry "FRA"]
[EventCategory "8"]
[SourceTitle "CBM 027"]
[Source "ChessBase"]
[SourceDate "1992.04.01"]
[SourceVersion "1"]
[SourceVersionDate "1992.04.01"]
[SourceQuality "1"]

1. e4 Nf6 2. e5 Nd5 3. d4 d6 4. c4 Nb6 5. f4 dxe5 6. fxe5 c5 7. d5 g6 (7... e6)
8. Nc3 Bg7 {/^b2-g7} 9. Bf4 {קe5} O-O 10. Qd2 (10. Nf3 Bg4) 10... e6 11. O-O-O
(11. d6 Nc6 12. Nf3 Nd7 13. Qe3 f6 14. exf6 Qxf6 15. Bg5 Qf7 $13) 11... exd5
12. cxd5 c4 (12... N8d7 13. Nf3 Re8 14. e6 (14. Bb5 a6 15. Bc6 $5) 14... fxe6
15. dxe6 Rxe6 16. Ng5 $40) (12... Bg4 $142 13. Re1 (13. Nf3 N8d7 {/\Re8 קe5})
13... c4 14. h3 Bf5 15. g4 Bd3 $1 16. Bxd3 cxd3 17. Qxd3 Na6 $44 {
Ilincic-Marinkovic, Vrnjacka Banja 1989}) 13. h3 $1 N8d7 14. Nf3 Nc5 {><d3 /
\Bf5} (14... Re8 $5) 15. g4 Bd7 16. Bh6 $1 Nca4 17. Bxg7 Kxg7 (17... Nxc3 $4
18. Qxc3 Kxg7 19. e6+ $18) 18. Ne4 c3 {-><<} 19. bxc3 Qe7 {/^a3-f8} 20. d6 Qe6
21. Neg5 Qe8 22. h4 {->>>} (22. Qd4 $142 {[+],/^c3-h8}) 22... Nxc3 23. e6 $1 (
23. Qxc3 $2 Rc8 $19) 23... Nxd1 (23... f6 24. exd7 Qxd7 25. Re1 $18) 24. exd7 (
24. Qxd1 $2 Rc8+ {/\Be6-+}) 24... Qxd7 25. h5 Qa4 (25... Rac8+ 26. Kxd1 Qa4+
27. Ke1 Rfe8+ 28. Be2 {/\ Kf2+-}) 26. hxg6 $1 (26. Qxd1 Rac8+ 27. Kd2 Qxa2+ 28.
Ke3 (28. Kd3 Qd5+ 29. Ke2 Rfe8+ $19) (28. Ke1 Rfe8+ 29. Be2 Rc1 $19) 28... Nd5+
$40) 26... Rac8+ (26... hxg6 27. Ne6+ $1 (27. Rh7+ Kf6 (27... Kg8 $1) 28. Ne4+
Qxe4 (28... Ke6 29. Nc5+ $18) 29. Qg5+ Ke6 30. Qe7+ Kd5 31. Qxb7+ $18) 27...
fxe6 (27... Kg8 28. Rh8+ $1) (27... Kf6 28. Qg5+ Kxe6 29. Qe5+ Kd7 30. Bb5+ $18
) 28. Qh6+ Kf6 (28... Kf7 29. Qh7+ {/\Qe7#}) 29. Qh4+ $1 $18) (26... fxg6 27.
Rxh7+ Kf6 (27... Kg8 28. Rh8+ $1 Kxh8 29. Qh2+ Kg7 30. Qh7+ Kf6 31. Qe7#) 28.
Ne4+ Qxe4 29. Qg5+ Ke6 30. Re7+ Kxd6 31. Rxe4 $18) 27. Kb1 Nc3+ 28. Ka1 Qd1+ $5
(28... hxg6 29. Ne6+ $1) (28... Nxa2 29. Rxh7+ $1 (29. Ne6+ Kg8 $8 (29... fxe6
30. Rxh7+ Kg8 31. Rh8+ $1 $18) 30. Bb5 $1 Qa3 $8 31. gxf7+ Rxf7 32. Qg5+ Kh8
33. Qe5+ Kg8 $10) (29. Bb5 $1 Qa3 $1 (29... Qxb5 $2 30. Ne6+ Kg8 31. Qh6 $1 $18
) 30. Rxh7+ Kg8 31. Rh8+ Kxh8 32. Qh2+ Kg7 33. Ne6+ fxe6 34. Qh7+ Kf6 35. Qe7+
Kxg6 $10) 29... Kg8 (29... Kf6 30. Bb5 $3 {/\Qd4#}) 30. Rh8+ $1 Kxh8 31. Qh2+
Kg7 32. Ne6+ $3 fxe6 $8 33. Qh7+ Kf6 34. Qe7+ Kxg6 35. Bd3+ Rf5 36. gxf5+ exf5
37. Ne5+ Kh6 38. Qf6+ $18) 29. Qxd1 Nxd1 30. Rxh7+ Kf6 31. a4 $1 (31. g7 $4
Rc1#) 31... Rc1+ 32. Ka2 Nc3+ 33. Kb3 fxg6 $2 $138 (33... Rxf1 $8) 34. Rc7 $1
$18 Rxf1 35. Nh7+ 1-0

[Event "Malmo"]
[Site "Malmo"]
[Date "1993.??.??"]
[Round "7"]
[White "Rogers, Ian"]
[Black "Helgason, Reynir"]
[Result "1-0"]
[WhiteElo "2575"]
[BlackElo "2340"]
[Annotator "Blatny,P"]
[PlyCount "43"]
[EventDate "1993.06.??"]
[EventType "tourn"]
[EventRounds "9"]
[EventCountry "SWE"]
[EventCategory "11"]
[SourceTitle "CBM 036"]
[Source "ChessBase"]
[SourceDate "1993.10.01"]
[SourceVersion "1"]
[SourceVersionDate "1993.10.01"]
[SourceQuality "1"]

1. e4 Nf6 2. e5 Nd5 3. d4 d6 4. c4 Nb6 5. exd6 exd6 6. Nc3 Be7 7. Nf3 Bg4 8.
Be2 c6 (8... O-O $142 {/\->[+]}) 9. b3 (9. h3 $6 Bxf3 10. Bxf3 $2 Nxc4 $17)
9... N8d7 10. h3 Bh5 11. Be3 $14 a5 {><b5} 12. d5 $1 {/\קd6} (12. O-O {+/=})
12... c5 (12... cxd5 13. Nxd5 {+/-/+-}) 13. Bf4 a4 (13... O-O 14. Nb5 {׫}) 14.
Nb5 Nc8 (14... Nf6 $142 15. O-O O-O 16. Re1 Re8 17. Nd2 {+/=/+/-}) (14... Nb8 {
/\Na6-b4} 15. O-O axb3 (15... Na6 16. Re1 $16) 16. axb3 Rxa1 17. Qxa1 O-O 18.
Qa7 $18 {_|_}) 15. O-O O-O 16. Qd2 Ndb6 (16... Bf6 17. Rae1 axb3 18. axb3 Ndb6
19. Ng5 $40) 17. Rae1 Ra6 18. Nh2 Bxe2 (18... Bg6 $142 19. Bd3 {/\Re2,Rfe1,
Ng4+/-}) 19. Rxe2 axb3 20. axb3 Na7 $2 (20... Bf6 21. Ng4 $40) (20... Re8 $2
21. Rfe1 {/\Qe3-g3+-}) 21. Rxe7 $1 $18 Nxb5 $2 (21... Qxe7 22. Bxd6 Qd7 (22...
Qd8 23. Bxf8 Qxf8 24. Nc7 $1 Ra3 25. Re1 $18) (22... Nxc4 23. bxc4 Rxd6 24.
Nxa7 $18 {_|_}) 23. Bxf8 Kxf8 24. Nc3 $18 {_|_}) 22. cxb5 1-0

[Event "Niksic"]
[Site "Niksic"]
[Date "1991.??.??"]
[Round "10"]
[White "Strikovic, Aleksa"]
[Black "Ivanovic, Bozidar"]
[Result "1-0"]
[WhiteElo "2495"]
[BlackElo "2535"]
[Annotator "Blatny,P"]
[PlyCount "69"]
[EventDate "1991.04.??"]
[EventType "tourn"]
[EventRounds "13"]
[EventCountry "YUG"]
[EventCategory "9"]
[SourceTitle "CBM 024"]
[Source "ChessBase"]
[SourceDate "1991.10.01"]
[SourceVersion "1"]
[SourceVersionDate "1991.10.01"]
[SourceQuality "1"]

1. e4 Nf6 2. e5 Nd5 3. d4 d6 4. Bc4 c6 (4... Nb6 5. Bb3 (5. e6 $2 Nxc4 6. exf7+
Kxf7 7. Qf3+ Ke8 8. Qh5+ g6 9. Qb5+ Qd7 10. Qxc4 Qg4 $17) 5... dxe5 (5... d5 6.
Ne2 a5 7. c3 Bf5 8. a4 e6 9. O-O c5 10. dxc5 Bxc5 11. Nd4 $14) (5... Bf5 6. Qf3
Qc8 7. Ne2 e6 8. Nbc3 dxe5 9. dxe5 N8d7 10. Bf4 Nc5 11. Qg3 {><g7} a5 12. a4 h5
13. Bg5 $14 {Soltis-Blocker, USA 1980}) (5... Nc6 6. e6 fxe6 7. Nf3 e5 (7... g6
8. Ng5 $40) 8. dxe5 d5 9. Nc3 Bg4 10. Nxd5 e6 11. Nxb6 Qxd1+ 12. Kxd1 axb6 13.
Ke1 Bxf3 14. gxf3 Nxe5 $10) 6. Qh5 (6. Qf3 e6 7. dxe5 a5 $1 8. c3 a4 9. Bc2 Bd7
$1 {/\Bc6,Bb5} 10. Qg3 Bb5 11. Bg5 Qd5 12. Nd2 (12. Na3 Bxa3 13. Rd1 Bxb2 $1
14. Rxd5 Nxd5 $44) 12... Nc6 {=/+/-/+}) 6... e6 (6... g6 7. Qxe5 f6 8. Qf4 $16)
7. dxe5 a5 (7... c5 8. c3 {/\Nf3,Bf4|^}) 8. a4 Nc6 9. Nf3 Nd7 $5 10. Bg5 Be7
11. Bxe6 (11. Bxe7 Qxe7 12. O-O b6 {/\Bb7 =}) 11... Ndxe5 12. Nxe5 Bxe6 $10 {
Sax-Hazai, Hungary 1974}) 5. Qf3 (5. Qe2 dxe5 (5... g6 6. h3 Bg7 7. Nf3 {
+/=/= [+]}) 6. dxe5 Bf5 (6... g6 7. h3 Bg7 8. Nf3 O-O 9. O-O Qc7 10. Re1 $14 {
Matulovic-Kovacevic,SFRJ 1976}) 7. Nf3 e6 8. O-O Bg4 9. Nbd2 Nd7 10. Bb3 Nc5
$10 {Mestel-Popov, Malta (ol) 1980 --> INF 30/163}) 5... Be6 6. Nh3 Nc7 7. Nd2
dxe5 8. dxe5 Nd7 9. Qg3 g6 10. Ng5 Bxc4 11. Nxc4 h6 12. Ne4 Bg7 13. f4 O-O 14.
O-O b5 15. Ne3 e6 16. b3 Nd5 17. c4 Nxe3 18. Bxe3 bxc4 19. bxc4 Qa5 20. h4 h5
21. Rad1 Rfd8 22. Rd2 (22. Qg5 $142 $1 {/\ g4;/\ Rd6,Rfd1} Qxa2 (22... Qa3 {
/\ Qf8,Bh6} 23. Bc5 $1 {/\ Be7+-}) 23. Nc5 Qa3 24. Rd3 $18) 22... Nb6 23. Nd6
Qa4 24. f5 exf5 25. Nxf5 Rxd2 26. Bxd2 Qxc4 (26... Nxc4 27. Bc3 gxf5 (27...
Bxe5 28. Nh6+ $18) (27... Rf8 28. Nxg7 Kxg7 29. e6+ f6 30. e7 $18) 28. e6 f6
29. Bxf6 $18) 27. Nxg7 Kxg7 28. Bc3 Kg8 29. e6 Qxe6 30. Re1 (30. Rf6 Qg4 $2 (
30... Qe4 $1 31. Rf4 Qd5 {/\ Re8 -/+}) 31. Qe5 Kf8 (31... Nd5 32. Rxg6+ $3) 32.
Rf4 Qd7 33. Qg7+ Ke8 34. Qg8+ $18) 30... Qd5 (30... Qf5 $5 31. Qe3 (31. Re5
Qb1+ 32. Kh2 Na4 $1 $19 (32... Nd5 $2 33. Rxd5 cxd5 34. Qe5 Kf8 35. Qh8+ Ke7
36. Qxa8 $18)) 31... Kh7 (31... Nd5 $4 32. Qe8+ $18) 32. Rf1 (32. Bd2 Nd5 33.
Qh6+ Kg8 $17) (32. Qd4 Rg8 33. Re5 $1 (33. Re8 $6 f6 $1 {/\ Nd5 -/+/-+ _|_})
33... Qb1+ (33... Qd7 34. Qxd7 Nxd7 35. Re7 $18) (33... Qg4 34. Re4 Qg3 $2 35.
Re8 $1 {/\ Qh8! +-}) 34. Re1 Qf5 $8 35. Re5 $10) 32... Qe6 33. Qxe6 fxe6 34.
Rf7+ Kg8 35. Rg7+ Kf8 36. Rxg6 Nd5 37. Be5 {/\ Rxe6,Rh6 +/=/+/- B:N _|_}) 31.
Qe3 Kh7 $8 32. Qf4 Rg8 $2 (32... Qc5+ 33. Bd4 Qf8 34. Re5 $40 Nd5 $2 35. Rxh5+
$1 gxh5 36. Qf5+ Kg8 37. Qg5+ Kh7 38. Qxh5+ $18) (32... Qf5 $8 33. Qd4 Rg8 34.
Re5 $1 Qb1+ (34... Qd7 $2 35. Qxd7 Nxd7 36. Re7 $18) 35. Re1 Qf5 (35... Qb5 36.
Re8 $3 c5 37. Qh8+ $1) 36. Re5 Qb1+ $10) 33. Bd2 Rf8 $2 $138 (33... g5 $8 34.
hxg5 $40) 34. Qh6+ Kg8 35. Bc3 1-0

[Event "Interzonal-14a"]
[Site "Subotica"]
[Date "1987.??.??"]
[Round "8"]
[White "Zapata, Alonso"]
[Black "Tal, Mihail"]
[Result "0-1"]
[WhiteElo "2505"]
[BlackElo "2605"]
[Annotator "Blatny,P"]
[PlyCount "114"]
[EventDate "1987.06.??"]
[EventType "tourn"]
[EventRounds "17"]
[EventCountry "YUG"]
[EventCategory "11"]
[SourceTitle "CBM 003"]
[Source "ChessBase"]
[SourceDate "1988.04.01"]
[SourceVersion "1"]
[SourceVersionDate "1988.04.01"]
[SourceQuality "1"]

1. e4 Nf6 2. e5 Nd5 3. d4 d6 4. f4 dxe5 5. fxe5 c5 6. c4 $2 Nb4 $17 7. d5 (7.
a3 $5 N4c6 8. d5 Nxe5 9. Nf3 (9. Bf4)) 7... Bf5 8. Na3 e6 9. Qa4+ Qd7 10. Qxd7+
Nxd7 11. Nf3 (11. dxe6 Nxe5 12. exf7+ Kxf7) 11... exd5 12. cxd5 Nxd5 13. Bc4
N7b6 14. Bb5+ Bd7 15. O-O Bxb5 (15... Be7 $5) 16. Nxb5 a6 17. Nc3 (17. Nd6+
Bxd6 18. exd6 f6) (17. Na3 c4) 17... h6 (17... Be7 18. Bg5 $44) 18. Ne4 Be7 19.
b3 O-O 20. Ba3 Nb4 21. Bxb4 cxb4 22. Rad1 (22. Nd4 g6) 22... Rad8 23. Nd6 Rd7
24. Rd4 Nc8 $3 (24... Rfd8 25. Rfd1 Bxd6 26. Rxd6 $1 Rxd6 27. exd6 $10 {/\} Nc8
$2 28. d7 Nb6 29. Rd6 $16) (24... f6 25. Rfd1 Rfd8 26. Nxb7 Rxd4 27. Rxd4 Rxd4
28. Nxd4 fxe5 29. Nc6 $10) 25. Ne4 (25. Nxc8 Bc5 26. Nd6 f6 27. Rc1 Bxd4+ 28.
Nxd4 fxe5 29. N4f5 Kh7 $19) (25. Rfd1 Nxd6 26. exd6 Rfd8 $17) 25... Rfd8 26.
Rxd7 (26. Rfd1 $5) 26... Rxd7 27. Rc1 Na7 28. Kf2 Nc6 29. Nc5 Bxc5+ 30. Rxc5
Kf8 31. Ke3 Ke7 32. Ke4 Ke6 33. h4 g6 34. Rc2 Rd5 35. Rf2 Ra5 $19 36. g4 Nxe5
37. Nd4+ Ke7 38. g5 hxg5 39. hxg5 Nd7 40. Nf3 Nc5+ 41. Ke3 Ne6 42. Rg2 Rc5 43.
Ke4 Rf5 44. Rg4 a5 45. Ke3 b5 46. Rg2 Rc5 47. Ke4 Rf5 48. Rg4 Kd6 49. Rg2 a4
50. Rd2+ Ke7 51. Rg2 Rc5 52. Ne5 Rc3 53. Rg4 axb3 54. axb3 Rxb3 55. Kd5 Rb1 56.
Nc6+ Kf8 57. Nxb4 Nxg5 0-1

[Event "Riga zt"]
[Site "Riga"]
[Date "1995.??.??"]
[Round "8"]
[White "Kulaots, Kaido"]
[Black "Kengis, Edvins"]
[Result "0-1"]
[WhiteElo "2410"]
[BlackElo "2575"]
[Annotator "Blatny,P"]
[PlyCount "56"]
[EventDate "1995.03.??"]
[EventType "tourn"]
[EventRounds "13"]
[EventCountry "LAT"]
[EventCategory "10"]
[SourceTitle "CBM 047"]
[Source "ChessBase"]
[SourceDate "1995.08.01"]
[SourceVersion "1"]
[SourceVersionDate "1995.08.01"]
[SourceQuality "1"]

1. e4 Nf6 2. e5 Nd5 3. d4 d6 4. c4 Nb6 5. f4 dxe5 6. fxe5 Nc6 7. Be3 Bf5 8. Nc3
e6 9. Nf3 Bb4 10. a3 $6 (10. Bd3 $6 Bg4 11. Be2 Bxf3 12. gxf3 Qh4+ 13. Bf2 Qf4
14. Rg1 O-O-O 15. Rg4 Qxh2 16. Rh4 Qg2 17. Bf1 Qg5 $17 {Lasker-Tarrasch/
Ostrava/1923/}) (10. Qd2 Na4 $15) (10. Be2 O-O 11. O-O Bxc3 12. bxc3 Na5 13.
Nd2 Qd7 14. Rf4 Bg6 15. Qf1 c5 16. h4 $13) (10. Rc1 O-O 11. a3 Bxc3+ 12. Rxc3
Qd7 13. Be2 Rfd8 14. O-O Bg4 15. Kh1 Bxf3 16. Bxf3 Nxd4 17. Bg5 $44) 10...
Bxc3+ 11. bxc3 O-O (11... Qd7 12. Be2 Na5 13. Nd2 Qc6 14. Bf3 Qa4 15. c5 Qxd1+
16. Rxd1 Nd5 17. Bxd5 exd5 18. O-O Bg6 $1 19. Rde1 Kd7 {=/+ ><c4,d3,e4
Faibisovich-Bagirov/Baku/1969/}) 12. c5 Nd5 13. Bd2 f6 $1 {/\->[+]} 14. exf6
Qxf6 15. Bb5 e5 16. Bxc6 bxc6 17. dxe5 (17. Nxe5 Qh4+ 18. Ke2 (18. g3 Qe4+ $19)
18... Rae8 $1 {/\Bg4-+} 19. h3 Rxe5+ 20. dxe5 Qe4+ $19) 17... Qe7 18. Qa4 (18.
c4 $5) 18... Qxc5 19. Qd4 Qxd4 20. cxd4 Bd3 21. Bb4 Rfb8 22. Kd2 Bg6 23. Rhc1
a5 24. Bc3 Rb3 25. a4 c5 26. Ra2 (26. dxc5 Nxc3 27. Rxc3 Rd8+ $19) 26... c4 27.
Ne1 Rf8 28. Nf3 Nf4 {קg2,<->f} 0-1

[Event "POL-ch 53rd"]
[Site "Brzeg Dolny"]
[Date "1996.??.??"]
[Round "11"]
[White "Kaminski, Marcin"]
[Black "Oliwa, Marek"]
[Result "1-0"]
[WhiteElo "2525"]
[BlackElo "2440"]
[Annotator "Blatny,P"]
[PlyCount "43"]
[EventDate "1996.03.09"]
[EventType "tourn"]
[EventRounds "15"]
[EventCountry "POL"]
[EventCategory "9"]
[SourceTitle "CBM 053"]
[Source "ChessBase"]
[SourceDate "1996.08.01"]
[SourceVersion "1"]
[SourceVersionDate "1996.08.01"]
[SourceQuality "1"]

1. e4 Nf6 2. e5 Nd5 3. d4 d6 4. c4 Nb6 5. exd6 exd6 6. Nc3 g6 (6... Be6 7. Bd3
d5 8. c5 Nc8 9. Bf4 c6 10. Nf3 $14 {Kotter,R-Hoenig,A/NRW-I/1990/}) (6... Nc6
7. Be3 Be7 8. Qf3 O-O 9. O-O-O Be6 10. b3 a5 11. a4 d5 12. c5 Nc8 13. Nge2 Bg5
14. Kb2 Nb4 15. h4 Bxe3 16. fxe3 Qd7 $13 {Chernyshov,K-Zelcic,R/Djakovo op (09)
/1994/}) (6... Bf5 7. Qf3 Qc8 8. Bd3 Bxd3 9. Qxd3 Qe6+ 10. Nge2 Nxc4 11. O-O
Nb6 12. Nf4 Qd7 13. Re1+ Be7 14. Nfd5 Nc6 15. Bg5 f6 16. Bxf6 Nc8 17. Bxg7 {
Guimaraes,J-Reis,L/POR-sf (07)/1993/}) 7. Nf3 (7. Bd3 Bg7 8. Nge2 O-O 9. Be3
Nc6 10. b3 Ne7 11. Ng3 c5 $15 {Dworakowski,L-Oliwa,M/POL-chJ U20 (04)/1994/})
7... Bg4 8. h3 Bxf3 (8... Qe7+ 9. Be3 Bxf3 10. Qxf3 Nc6 11. Be2 Bg7 12. Rd1 $14
{Kienast,J-Lippert/FRG-chTJ/1989/}) (8... Bf5 9. Bd3 Bxd3 10. Qxd3 Bg7 11. Bg5
{Grau Carrera,M-Chalabashvili,T/EU-chJW U10 Herculane (09) /1994/}) 9. Qxf3 Bg7
(9... Nc6 $14) 10. c5 dxc5 11. dxc5 N6d7 (11... Qe7+ 12. Be3 Bxc3+ 13. bxc3 Qe5
14. Bb5+ c6 15. O-O O-O 16. cxb6 Qxb5 17. Rfb1 $18) 12. Qxb7 Bxc3+ 13. bxc3 Qf6
14. Qe4+ (14. Bd2 O-O (14... Qc6 15. Qc8+ $18) 15. Qxa8 Nc6 16. Qb7 Re8+ 17.
Kd1 Nxc5 18. Qxc7 Ne4 19. Qf4 Nxf2+ 20. Kc2 Qxf4 21. Bxf4 Nxh1 22. Bb5 $18)
14... Qe7 15. Bd3 (15. Qxe7+ Kxe7 16. Be3 Re8 $16) 15... Nxc5 16. Qxe7+ Kxe7
17. Ba3 Nbd7 (17... Kd6 18. O-O-O Kc6 19. Bc4 Kb6 20. Bxf7 Rf8 21. Bd5 c6 22.
Bf3 $18) 18. O-O-O Rab8 (18... Kf6 19. Bb5 Rhd8 20. Rd5 $18) 19. Bc4 Kf6 (19...
Rb7 20. Rxd7+ Kxd7 21. Rd1+ Ke8 22. Bd5 $18) 20. Rd5 c6 21. Rxc5 Nxc5 22. Bxc5
1-0